Библейские вольнодумцы: На примере Книг Иова и Екклезиаста

Bibliographic Details
Main Author: Рижский М. И. Моисей Иосифович
Language:Russian
Published: Москва, Республика, 1992
Subjects:
Format: Book
KOHA link:https://koha.lib.tpu.ru/cgi-bin/koha/opac-detail.pl?biblionumber=19081

MARC

LEADER 00000nam0a2200000 4500
001 19081
005 20231101205241.0
010 |a 525001674X 
035 |a (RuTPU)RU\TPU\book\19239 
035 |a BOOK00003927 
090 |a 19081 
100 |a 20011209d1992 km y0rusy50 ca 
101 0 |a rus 
102 |a RU 
105 |a y z 000zy 
200 1 |a Библейские вольнодумцы  |e На примере Книг Иова и Екклезиаста  |f М. И. Рижский 
210 |a Москва  |c Республика  |d 1992 
215 |a 233 с. 
606 1 |a Ветхий Завет  |2 stltpush  |3 (RuTPU)RU\TPU\subj\2338  |9 30918 
610 1 |a религия 
610 1 |a христианство 
610 1 |a история 
610 1 |a Библия 
686 |a Э37-21  |v LBC/SL-A  |2 rubbk 
700 1 |a Рижский  |b М. И.  |g Моисей Иосифович 
801 0 |a RU  |b 63413507  |c 20011209  |g PSBO 
801 2 |a RU  |b 63413507  |c 20190117  |g PSBO 
942 |c BK